| 000 | 00403nam a2200169Ia 4500 | ||
|---|---|---|---|
| 008 | 210210b1967 xxu||||| |||| 00| 0 eng d | ||
| 041 | _aeng | ||
| 082 | _a821/303 | ||
| 100 | _aHOPKINS (G M) | ||
| 245 | _aSelections: Storey Ed | ||
| 260 |
_aLondon _bOxford University Press _c1967 |
||
| 650 | _aStorey | ||
| 650 | _aSelections: | ||
| 650 | _aEd | ||
| 690 | _aEnglish Literature | ||
| 906 | _a011473 | ||
| 999 |
_c130150 _d130150 |
||